La institución negada (Record no. 29813)

MARC details
000 -LEADER
campo de control de longitud fija 00721nam a2200205 i 4500
001 - NÚMERO DE CONTROL
campo de control 29813
003 - IDENTIFICADOR DE NÚMERO DE CONTROL
campo de control ES-MaACL
005 - FECHA Y HORA DE LA ÚLTIMA TRANSACCIÓN
campo de control 20230906154107.0
008 - DATOS DE LONGITUD FIJA--INFORMACIÓN GENERAL
campo de control de longitud fija 030123s1972 sp |||| | spa d
100 1# - ENTRADA PRINCIPAL--NOMBRE DE PERSONA
Nombre de persona Basaglia, Franco.
9 (RLIN) 26240
245 13 - MENCIÓN DEL TÍTULO
Título La institución negada
Resto del título : informe de un hospital psiquiátrico /
Mención de responsabilidad, etc. Franco Basaglia ; prólogo de Ramón García, Ana Serós y Luis Torrent ; [traducción de Jaime Pomar].
260 ## - PUBLICACIÓN, DISTRIBUCIÓN, ETC.
Lugar de publicación, distribución, etc. Barcelona :
Nombre del editor, distribuidor, etc. Barral,
Fecha de publicación, distribución, etc. 1972.
300 ## - DESCRIPCIÓN FÍSICA
Extensión 343 p. ;
Dimensiones 20 cm.
650 #4 - PUNTO DE ACCESO ADICIONAL DE MATERIA--TÉRMINO DE MATERIA
Término de materia o nombre geográfico como elemento de entrada Hospitales psiquiátricos.
9 (RLIN) 13485
700 1# - ENTRADA AGREGADA--NOMBRE PERSONAL
Nombre de persona García, Ramón.
9 (RLIN) 54089
700 1# - ENTRADA AGREGADA--NOMBRE PERSONAL
Nombre de persona Serós, Ana.
9 (RLIN) 105595
700 1# - ENTRADA AGREGADA--NOMBRE PERSONAL
Nombre de persona Torrent, Luis.
9 (RLIN) 110833
700 1# - ENTRADA AGREGADA--NOMBRE PERSONAL
Nombre de persona Pomar, Jaume.
9 (RLIN) 92897
852 ## - LOCALIZACIÓN
Ubicación ES-MaACL
Número de control de estantería C-42450
Holdings
Estatus retirado Estado de pérdida Estado de daño No para préstamo Biblioteca de origen Biblioteca actual Ubicación en estantería Fecha de adquisición Fuente de adquisición Total de préstamos Signatura topográfica completa Código de barras Visto por última vez Precio de reemplazo Tipo de ítem Koha
        Biblioteca del Ateneo de Madrid Biblioteca del Ateneo de Madrid Depósito 2 17/01/2008     C-42450 1030781 23/02/2023 23/02/2023 Libro impreso